000 00788 a2200217 4500
001 63364
005 20260407155931.0
008 260407a1950 arg spa d
003 AR-UNSa-BCEJYS
040 _aAR-UNSa-BCEJYS
_bspa
_cAR-UNSa-BCEJYS
080 _a517.2/3
_xCálculo diferencial e integral
245 1 0 _aCálculo integral
264 1 _aMadrid :
_bDossat
_c1950
300 _a143 p.
_c22 cm.
505 _a1. Introducción - 2. Integración de las funciones elementales - 3. Integrales múltiples - 4. Integrales curvilíneas y de superficie - 5. La integral de Riemann - 6. Integrales impropias - 7. La integral doble de Riemann -
041 _aspa
942 _cBK
590 _aniveau_biblio:m niveau_hierar:0
100 1 _aGillespie, R.P.
700 1 _aBravo Gala, Luis
999 _c8148
_d8148